00958cam a2200265 a 450000100100000000500170001000800410002702000150006803500190008304000290010208200180013110000400014924500800018926000340026930000210030349000410032465000400036565000310040570000350043683000480047191000280051904900090054795201210055699900150067700000889020200929161431.0800722s1979 sp 000 f spa  a8402062229 a(DLC) 79118649 aDO-SdBNPdspacLCdBNPHU aA863.6bS714t1 aSoriano, Osvaldo,d1943-199792344310aTriste, solitario y final /cOsvaldo Soriano ; edición Clara Hernández. aBarcelona :bBruguera,c1979. a186 p. ;c18 cm.1 aLa honda casa de las américas cuba 4aNovela policíaca argentina923444 4aLiteratura argentina938601 aHernández, Clara,eed.94129 0aLa honda casa de las américas cuba923445 aCatalogación derivada aBNGR 001052708MOaGRbGRcCTd2009-09-19iLF1l0oA863.6 S714tp8890-10r2020-06-25w2020-06-25y2ZPréstamo interno c8659d8659